LEADER 01727pam a2200337 u 4500 001 000000058638 003 CaOOAMICUS 005 20070226120720.0 008 010611s1981 it u000 u ita u 020 $a8820420309 035 $a10892051 040 $aPUL(R)$bita 041 1 $aita$heng 100 1 $aLeach, Edmund Ronald.$0(OLS)http://pul/name/39854 240 10$aCulture & communication.$lItaliano.$0(OLS)http://pul/title/78557 245 10$aCultura e comunicazione :$bla logica della connessione simbolica: un'introduzione all'uso dell'analisi strutturale nell'antropologia sociale /$cEdmund Leach. 260 $aMilano :$bFranco Angeli,$c1981. 300 $a134 p. ;$c24 cm 490 1 $aAntropologia culturale e sociale 500 $aTit. orig.: Culture and communication : the Logic by with simbols are connected: an introduction to the use of structuralist analysis in social antropology. 504 $aBibliografia: p. [131]-134. 650 4$aStrutturalismo.$0(OLS)http://pul/subject/477 650 4$aSemiologia.$0(OLS)http://pul/subject/23040 650 4$aComunicazione.$0(OLS)http://pul/subject/4540 830 0$aAntropologia culturale e sociale.$0(OLS)http://pul/title/78559 850 $aPUL 852 $aPUL$W1$xSL Religione 2$y84$mRH E2 78$j76586$nBK-PRI$b $qStampati altre collocazioni$B76586$CPULBib$Z2$F76586 $H $81 941 1 $a10 996 $6020$a8820420309$9(OLS)http://pul/number/74372 996 $6245$aCultura e comunicazione :$bla logica della connessione simbolica: un'introduzione all'uso dell'analisi strutturale nell'antropologia sociale$9(OLS)http://pul/title/78558 996 $6260$aMilano :$bFranco Angeli$9(OLS)http://pul/publisher/52903 LEADER 01413nam a2200325 a 4500 001 000000140865 003 CaOOAMICUS 005 20141212110047.0 008 141211s2009 nyu u000 u eng r 020 $z9780300141160* 040 $aPUL$bita 041 1 $aeng$hheb 130 0 $aBiblia.$pN.T.$pMarcus.$lInglese.$0(OLS)http://pul/title/158580 245 10$aMark 8-16 :$ba new translation with introduction and commentary /$cJoel Marcus. 260 $aNew Haven and London :$bYale University press,$cİ2009. 300 $alx, 573-1182 p. ;$c24 cm 490 1 $aAnchor Yale Bible ;$v27A 500 $aInclude indice. 500 $aLa numerazione delle p. prosegue dal v. "Mark 1-8". 504 $aInclude bibliografia. 630 04$aBiblia.$pN.T.$pMarcus$xCritica e interpretazione.$0(OLS)http://pul/subject/37840 700 1 $aMarcus, Joel.$0(OLS)http://pul/name/48671 830 0$aAnchor Yale Bible ;$v27A.$0(OLS)http://pul/title/155114 850 $aPUL 852 $aPUL$W1$xSL Religione 1$y3$m1(6) G 27A$j162638$qStampati$B162256$CPULBib$Z2$F162256 $H125120 $82 941 1 $a8 996 $6020$z9780300141160*$9(OLS)http://pul/number/156492 996 $6245$aMark 8-16 :$ba new translation with introduction and commentary$9(OLS)http://pul/title/178256 996 $6260$aNew Haven and London :$bYale University press$9(OLS)http://pul/publisher/75529